| 000 | 00419nam a2200157Ia 4500 | ||
|---|---|---|---|
| 003 | GCL | ||
| 008 | 140319s9999 xx 000 0 eng d | ||
| 040 |
_aGCL / _cGCL |
||
| 082 | 0 | 4 |
_a794 _bL M |
| 100 | 1 | _aLOADER, JEFF | |
| 245 | 1 | 0 |
_aMAKING BOARD, PEG, DIC GAMES / _cLOADER, JEFF |
| 260 |
_a[S.N] : _bGUILD OF MASTER CRAFTSMAN PUBLICATIONS L ، _c1993 |
||
| 300 | _a152 P | ||
| 650 | 0 | 4 | _aBOORD GAMES |
| 942 |
_2ddc _cBK |
||
| 999 |
_c25520 _d25520 |
||